Flaggen Süd- und Nordamerikas (zufällige Reihenfolge) - Statistics

General Stats
  • This quiz has been taken 174 times
  • The average score is 16 of 35
Answer Stats
Picture Answer % Correct
Jamaika
97%
Ecuador
77%
Argentinien
72%
Kolumbien
72%
Chile
69%
Brasilien
68%
Uruguay
67%
Venezuela
65%
Peru
62%
Kanada
59%
Mexiko
57%
Costa Rica
54%
Kuba
54%
Panama
51%
Honduras
48%
Belize
42%
Dominikanische Republik
40%
Vereinigte Staaten
39%
Barbados
38%
El Salvador
38%
Paraguay
37%
Bolivien
35%
Nicaragua
35%
Haiti
34%
Guatemala
32%
Guyana
32%
Bahamas
30%
Dominica
30%
Grenada
30%
Trinidad und Tobago
30%
St. Lucia
28%
Suriname
26%
Antigua und Barbuda
25%
St. Kitts und Nevis
14%
St. Vincent und die Grenadinen
10%
No matching quizzes found
Score Distribution
Percent of People with Each Score
Percentile by Number Answered
Your Score History
You have not taken this quiz